000 00735nam a2200241 a 4500
001 24587
003 BD-RjUL
005 20250709144109.0
008 140313r19661961enk b 000 1 eng d
035 _a(BD-RjUL)24587
040 _aTXP
_cTXP
_dm.c
_dBD-RjUL
_beng
041 _aeng
082 0 4 _220
_a822.914
_bSYP 1966
100 1 _aSynge, J. M.
_q(John Millington),
_d1871-1909.
_975672
245 1 4 _aThe playboy of the western world /
_cJ. M. Synge ; with an introduction by T. R. Henn.
260 _aLondon :
_bMethuen,
_c1961 [reprinted 1965,1966].
300 _a127 p. ;
_c19 cm.
500 _aNotes: pp. 112-123
500 _aBibliography: pp. 124-125
650 0 _aPlays
_975673
650 0 _aEnglish Drama
942 _2ddc
_cBK
999 _c24587
_d24587